Rent review (Record no. 69689)

MARC details
000 -LEADER
fixed length control field 01290cam a2200205 4500
001 - CONTROL NUMBER
control field WB3809-21
008 - FIXED-LENGTH DATA ELEMENTS--GENERAL INFORMATION
fixed length control field 020305n2002 000 0 eng u
035 ## - SYSTEM CONTROL NUMBER
System control number (Sirsi) u116997
245 ## - TITLE STATEMENT
Title Rent review
260 ## - PUBLICATION, DISTRIBUTION, ETC.
Date of publication, distribution, etc. 2002
490 ## - SERIES STATEMENT
Series statement Estates Gazette Case Summaries
Volume/sequential designation [2002] 09 EG 218(CS) (02/03/02)
520 ## - SUMMARY, ETC.
Summary, etc. ChD 11 February 2002. "Bisichi Mining plc v Bass Holdings Ltd". By an underlease dated 30 March 1962, the respondent granted to the appellant, 'from the date hereof', the remainder of a term of 125 years from 21 December 1960, less the last 20 days at a rent of £6 650 pa. The underlease provided for rent reviews thereafter at 21-year intervals. The issue that arose was in determining the date of the first rent review, and the identification of the start of the 'said term'. The appellant argued that the commencement date was 30 March 1962, while the respondent said the correct date was 21 December 1960. At arbitration the abitrator found that the date referred to was 21 December 1960. The appellant appealed. "Held", the appeal was allowed.
590 ## - LOCAL NOTE (RLIN)
Local note WB
650 ## - SUBJECT ADDED ENTRY--TOPICAL TERM
Topical term or geographic name entry element RENT REVIEWS
650 ## - SUBJECT ADDED ENTRY--TOPICAL TERM
Topical term or geographic name entry element COMMENCEMENT DATES
650 ## - SUBJECT ADDED ENTRY--TOPICAL TERM
Topical term or geographic name entry element UNDERLEASES
650 ## - SUBJECT ADDED ENTRY--TOPICAL TERM
Topical term or geographic name entry element BISICHI MINING PLC V BASS HOLDINGS LTD
690 ## - LOCAL SUBJECT ADDED ENTRY--TOPICAL TERM (OCLC, RLIN)
Topical term or geographic name as entry element LANDLORD AND TENANT-RENT REVIEWS
942 ## - ADDED ENTRY ELEMENTS (KOHA)
Suppress in OPAC 0
Holdings
Withdrawn status Lost status Source of classification or shelving scheme Damaged status Not for loan Home library Current library Shelving location Date acquired Total Checkouts Full call number Barcode Date last seen Copy number Price effective from Koha item type
    Dewey Decimal Classification     London London News article 05/03/2002   WB3809-21 116997-1001 06/08/2019 1 06/08/2019 News article